LEADER 02738oas 2201081 a 450 001 9910144159303321 005 20251211224951.0 011 $a1872-7573 035 $a(DE-599)ZDB1491279-X 035 $a(DE-599)1491279-X 035 $a(OCoLC)38993891 035 $a(CONSER) 2003233995 035 $a(CKB)954925527854 035 $a(EXLCZ)99954925527854 100 $a19980422a19799999 sy a 101 0 $aeng 135 $aurmnu|||||||| 181 $ctxt$2rdacontent 182 $cc$2rdamedia 183 $acr$2rdacarrier 200 10$aJournal of ethnopharmacology 210 $aAmsterdam ;$aNew York $cElsevier 300 $aRefereed/Peer-reviewed 311 08$a0378-8741 330 $a"An interdisciplinary journal devoted to bioscientific research on indigenous drugs." 606 $aPharmacognosy$vPeriodicals 606 $aHerbs$vPeriodicals 606 $aAngiosperms 606 $aPharmacognosy 606 $aMagnoliopsida 606 $aHerbal Medicine 606 $aPharmacognosy 606 $aPharmacognosie$vPe?riodiques 606 $aHerbes$vPe?riodiques 606 $aAngiospermes 606 $aPharmacognosie 606 $aAngiospermae (division)$2aat 606 $aAngiosperms$2fast$3(OCoLC)fst00808830 606 $aHerbs$2fast$3(OCoLC)fst00955373 606 $aPharmacognosy$2fast$3(OCoLC)fst01060246 608 $aperiodicals.$2aat 608 $aPeriodicals.$2fast 608 $aPeriodicals.$2lcgft 608 $aPe?riodiques.$2rvmgf 615 0$aPharmacognosy 615 0$aHerbs 615 0$aAngiosperms. 615 0$aPharmacognosy. 615 2$aMagnoliopsida. 615 2$aHerbal Medicine. 615 2$aPharmacognosy. 615 6$aPharmacognosie 615 6$aHerbes 615 6$aAngiospermes. 615 6$aPharmacognosie. 615 7$aAngiospermae (division) 615 7$aAngiosperms. 615 7$aHerbs. 615 7$aPharmacognosy. 712 02$aInternational Society of Ethnopharmacology 801 0$bOH1 801 1$bOH1 801 2$bOCL 801 2$bOCLCQ 801 2$bGUA 801 2$bOCLCQ 801 2$bU9S 801 2$bGUA 801 2$bOCLCQ 801 2$bOCLCO 801 2$bOCLCQ 801 2$bOCLCF 801 2$bOCLCQ 801 2$bNLE 801 2$bAU@ 801 2$bOCLCO 801 2$bWYU 801 2$bUKMGB 801 2$bU3W 801 2$bVT2 801 2$bOCLCO 801 2$bSFB 801 2$bOCLCO 801 2$bOCL 801 2$bOCLCQ 801 2$bUAB 801 2$bOCLCA 801 2$bOCLCL 801 2$bOCLCQ 906 $aJOURNAL 912 $a9910144159303321 996 $aJournal of ethnopharmacology$9793829 997 $aUNINA